000 00288nam a22001337a 4500
008 170227b xxu||||| |||| 00| 0 eng d
020 _a0683076140
041 _aeng
080 _a617
100 _a5
101 _aSHK
245 _aCONCEPTS IN NEUROSURGERY
_cSCOTT, R.M
942 _2udc
_cBK
999 _c6262
_d6262